000 00258nam a2200121Ia 4500
008 190216s9999||||xx |||||||||||||| ||und||
100 _aChora G L
245 0 _aGymnosperms
260 _bS Naggin&Co.
_c1968
300 _a171p
650 _aBotany
942 _cBK
999 _c1155
_d1155